Inquiry into academic salaries, report dated May 1973.

Salvato in:
Dettagli Bibliografici
Ente Autore: Australia. Inquiry into Academic Salaries
Altri autori: Campbell, Walter Sir, 1921-
Natura: Libro
Lingua:English
Pubblicazione: Canberra : Govt. Pr., 1973.
Serie:Parliamentary paper ; no. 104 of 1973
Soggetti:
LEADER 01278cam a2200313 a 4500
001 c000188793
003 CARM
005 20051205152522.0
008 740222s1973 at f000 0 eng d
019 1 |a 1627960  |z 5802792  |5 LACONCORD2021 
020 |a 0642945306 :  |c $1.45 Aust 
035 |a (OCoLC)27484812  |5 LACONCORD2021 
040 |a ANB  |b eng  |c ANB  |d ANB 
042 |a anuc 
043 |a u-at--- 
082 0 4 |a 331.281/37812/0994  |2 21 
110 1 |a Australia.  |b Inquiry into Academic Salaries. 
245 1 0 |a Inquiry into academic salaries, report dated May 1973. 
260 |a Canberra :  |b Govt. Pr.,  |c 1973. 
300 |a 114p. :  |b tables ;  |c 25cm. 
490 0 |a Parliamentary paper ;  |v no. 104 of 1973 
500 |a Higher education. Academic personnel. Remuneration. Australia. Inquiry reports (ANB/PRECIS SIN 600177653) 
500 |a Inquiry carried out by W.B. Campbell. 
650 0 |a College teachers  |x Salaries, etc  |z Australia. 
650 0 |a Universities and colleges  |z Australia  |x Faculty. 
700 1 |a Campbell, Walter  |c Sir,  |d 1921- 
852 8 |b CARM  |h A2:AP25B0  |i C07847  |p 0265504  |f BK 
999 f f |i 2bfe4437-03d9-5d56-8483-c2a2bd022345  |s a32c7370-65e9-56d6-9e38-eb8e236f1137 
952 f f |p Can circulate  |a CAVAL  |b CAVAL  |c CAVAL  |d CARM 1 Store  |e C07847  |f A2:AP25B0  |h Other scheme  |i book  |m 0265504